000 00771nam a2200265Ia 4500
003 OSt
005 20220918171248.0
006 a|||||r|||| 00| 0
007 ta
008 220917b |||||||| |||| 00| 0 eng d
020 _a9781446201398 (pbk)
_c2624.51
024 _a289,746
037 _b2539, 18/03/2016, Govinda Book House
_cTextual
040 _aARTS
_cARTS
_beng
041 _2eng
_aeng
082 _aS:86:f, Q5
100 _aMcLeod John
_924826
245 0 _aDoing research in counselling and psychotherapy
250 _a3rd ed
260 _aLondon
_bSage UK
_c2015
300 _axi, 269p.
_ccm.
650 _aPSYCHOLOGY
942 _hS:86:f, Q5
_cTEXL
_2CC
999 _c138642
_d138642